000 00500nam a2200169 i 4500
001 87508
003 ES-MaACL
005 20230906175702.0
007 t|
008 041221s1942 sp ||||1| spa d
100 1 _aKucera, Enrique.
_968945
245 1 0 _aMétodo Kucera
_b: inglés : curso de conversación /
_cpor Enrique Kucera.
250 _a[1ª ed.].
260 _aBarcelona :
_b[s.n.,
_c1942] (
_fJ. Horta y Cª)
300 _a112 p. :
_bil. ;
_c22 cm.
852 _aES-MaACL
_jB-10774
_bR.22450
999 _c87508
_d87508